000 02393cam a22004814i 4500
003 PE-LiUPU
005 20250731173417.0
008 150706s r 000 0 d
020 _a9781599790466
035 _a(Sirsi) i9781599790466
040 _aPE-LiUPU
_bspa
_cPE-LiUPU
_erda
049 _aPRUA
082 0 4 _a234.13
_bL84
_221
100 1 _aLoren, John,
_eautor.
245 1 3 _aLa misión de Elías /
_cJohn Loren y Paula Sandford.
264 1 _aFlorida :
_bCasa Creación,
_c2007.
300 _a234 páginas ;
_c22 cm.
336 _atext
_2rdacontent
337 _aunmediated
_2rdamedia
338 _avolume
_2rdacarrier
505 0 _aRestaurar el oficio profético -- El llamado -- En el espíritu y el poder de Elías -- A restaurar todas las cosas -- El llamado de un profeta -- La disciplina y la formación de una profeta -- Lecciones de profecía de la historia de la mujer en el pozo -- El cumplimiento adecuado de la obligación del profeta -- El poder y los caminos de la intercesión -- La buena, la aceptable y la perfecta voluntad de Dios -- El lugar de parada -- El poder creativo de la palabra en la oración -- Escuchar a Dios proféticamente -- Preludio a la escucha -- Sueños: el lenguaje de Dios durante el sueño -- Visiones: el lenguaje en imágenes de Dios -- Lenguaje oscuro: la manera extraña y gozosa de Dios de hablar a la humanidad -- Cara a cara: lenguaje claro y audible -- El asna de Balaán, y otras cosas sorprendentes -- El summum bonum.
526 _aSEG42
526 _aSEG41
526 _aSEG40
526 _aSEG39
526 _aP94
526 _aP87
526 _aP86
526 _aP85
526 _aP77
526 _aP76
526 _aP35
541 _g001-0000567;
650 0 4 _aProfetas.
650 0 4 _aProfecía
_xCristianismo.
700 1 _aSandford, Paula,
_ecout.
910 _agl
_bjv
_clch
_d20120525
942 _2ddc
_cBOOK
949 _a234.13 L84
_wDEWEY
_c1
_i64706
_lCCODEBUL1
_mBUL
_p29.00
_r0
_sY
_tBOOK
_u2015-7-6
_xTEOLOGIA
_PP35
_o.STAFF. Colección General
994 _aC0
_bPEPRU
596 _a1
999 _a234.13 L84
_wDEWEY
_c53409
_i64706
_d53409
_e2018-5-24
_f2021-11-10
_g5
_lCCODEBUL1
_mBUL
_n1
_p29.00
_r0
_sY
_tBOOK
_u2015-7-6
_xTEOLOGIA
_PP35
_0COMPRA
_o.STAFF. Colección General
980 _81
_gALBERTO SANCHEZ Responsable de Automatización